| 000 | 00951cab a2200253 4500 | ||
|---|---|---|---|
| 001 | ABS57566 | ||
| 008 | 090401t1997 xxu||||| |||| 00| 0 eng d | ||
| 035 | _a(Sirsi) u81154 | ||
| 041 | _aeng | ||
| 100 | _aBrewer, G. | ||
| 245 | _aNo to `name borrowing` | ||
| 260 | _c1997 | ||
| 350 | _a0 | ||
| 490 |
_aContract Journal _v390(6144) 24 September 1997, 23(1) |
||
| 520 | _aUses "Co-operative Wholesale Society Ltd v Birse Construction Ltd" to illustrate the difficult position of main contractors caught in the trap of a subcontractor`s `name borrowing` arbitration. | ||
| 650 | _aMANAGEMENT-DISPUTE AVOIDANCE, MANAGEMENT AND RESOLUTION-DISPUTE MANAGEMENT AND RESOLUTION-ARBITRATION | ||
| 650 | _aCO-OPERATIVE WHOLESALE SOCIETY LTD V BIRSE CONSTRUCTION LTD | ||
| 650 | _aCONTRACTORS | ||
| 650 | _aNAME BORROWING | ||
| 650 | _aSUBCONTRACTORS | ||
| 690 | _aBUILT ENVIRONMENT-BUILDING CONTRACT FORMS | ||
| 942 | _n0 | ||
| 948 | _c30/09/1997 | ||
| 999 |
_c51142 _d51142 |
||